Effect of localized strain on fracture of high-strength structural steel with varying stress stiffness; Physical Mesomechanics; Vol. 13, iss. 3-4, May-Aug.

Chi tiết về thư mục
Parent link:Physical Mesomechanics
Vol. 13, iss. 3-4, May-Aug..— 2010.— P. 173-177
Tác giả chính: Derevyagina L. S.
Tác giả khác: Panin V. E. Viktor Evgenyevich, Gordienko A. I.
Tóm tắt:The paper studies the mechanical properties and configuration of plastic zones in notched high-strength structural steel under tension. Quantitative analysis of the plastic zones is made by constructing strain intensity distribution patterns with the use of the television-optical measuring complex TOMSC. Fracture associated with plastic flow is analyzed by comparing fractographs and distributions of strain characteristics. It is found that the fracture originates in a region with maximum strain intensity. It is shown that the mechanisms of plastic flow in high-strength steel specimens with Π < 1.58 and Π > 4.65, where Π is the index of initial stress stiffness, differ considerably. It is demonstrated that the high-strength steel specimens are fractured by quasibrittle mechanisms; however, ductile micromechanisms through pore nucleation and growth remain operative at all stages of fracture
В фонде НТБ ТПУ отсутствует
Ngôn ngữ:Tiếng Anh
Được phát hành: 2010
Những chủ đề:
Định dạng: MixedMaterials Chương của sách
KOHA link:https://koha.lib.tpu.ru/cgi-bin/koha/opac-detail.pl?biblionumber=597695

MARC

LEADER 00000naa0a2200000 4500
001 597695
005 20250211093235.0
035 |a (RuTPU)RU\TPU\tpu\21062 
035 |a RU\TPU\tpu\20984 
090 |a 597695 
100 |a 20120424d2010 k||y0rusy50 ba 
101 0 |a eng 
102 |a RU 
200 1 |a Effect of localized strain on fracture of high-strength structural steel with varying stress stiffness  |f L. S. Derevyagina, V. E. Panin, A. I. Gordienko 
330 |a The paper studies the mechanical properties and configuration of plastic zones in notched high-strength structural steel under tension. Quantitative analysis of the plastic zones is made by constructing strain intensity distribution patterns with the use of the television-optical measuring complex TOMSC. Fracture associated with plastic flow is analyzed by comparing fractographs and distributions of strain characteristics. It is found that the fracture originates in a region with maximum strain intensity. It is shown that the mechanisms of plastic flow in high-strength steel specimens with Π < 1.58 and Π > 4.65, where Π is the index of initial stress stiffness, differ considerably. It is demonstrated that the high-strength steel specimens are fractured by quasibrittle mechanisms; however, ductile micromechanisms through pore nucleation and growth remain operative at all stages of fracture 
333 |a В фонде НТБ ТПУ отсутствует 
461 |t Physical Mesomechanics 
463 |t Vol. 13, iss. 3-4, May-Aug.  |v P. 173-177  |d 2010 
610 1 |a труды учёных ТПУ 
700 1 |a Derevyagina  |b L. S. 
701 1 |a Panin  |b V. E.  |c Director of Russian materials science center  |c Research advisor of Institute of strength physics and materials science of Siberian branch of Russian Academy of Sciences  |f 1930-  |g Viktor Evgenyevich  |3 (RuTPU)RU\TPU\pers\26443 
701 1 |a Gordienko  |b A. I. 
801 1 |a RU  |b 63413507  |c 20120410 
801 2 |a RU  |b 63413507  |c 20130608  |g RCR 
942 |c CR